Królowie Strzelców top pięciu lig - Statystyki

Ogólne statystyki
  • Ten quiz został rozwiązany 159 razy
  • Średni wynik to 4 z 5
Statystyki odpowiedzi
Liga Odpowiedz % Poprawnych
Bundesliga Lewandowski
97%
La liga Messi
97%
Ligue 1 Mbappe
91%
Serie a Immobille
71%
Premier League Vardy
62%
Nie znaleziono quizów pasujących do podanych kryteriów
Rozkład punktacji
Procent ludzi z każdym wynikiem
Percentyl według liczby udzielonych odpowiedzi
Twoja historia wyników
Nie rozwiązałeś tego quizu